Al-Kindi : (Record no. 31017)
[ view plain ]
| 000 -LEADER | |
|---|---|
| fixed length control field | 01144cam a22002891 4500 |
| 001 - CONTROL NUMBER | |
| control field | 31017 |
| 003 - CONTROL NUMBER IDENTIFIER | |
| rucl marc code | BD-RjUL |
| 005 - DATE AND TIME OF LATEST TRANSACTION | |
| control field | 20211209051641.0 |
| 008 - FIXED-LENGTH DATA ELEMENTS--GENERAL INFORMATION | |
| fixed length control field | 140413s1966 pk b 001 0 eng |
| 035 ## - SYSTEM CONTROL NUMBER | |
| System control number | (BD-RjUL)31104 |
| 040 ## - CATALOGING SOURCE | |
| Original cataloging agency | DLC |
| Transcribing agency | DLC |
| Modifying agency | DLC |
| -- | BD-RjUL |
| Language of cataloging | eng |
| 041 0# - LANGUAGE CODE | |
| Language code of text/sound track or separate title | engara |
| 082 00 - DEWEY DECIMAL CLASSIFICATION NUMBER | |
| Classification number | 181.947 |
| Author mark and year | ATA 1966 |
| 100 1# - MAIN ENTRY--PERSONAL NAME | |
| Personal name | Atiyeh, George N. |
| 9 (RLIN) | 94300 |
| 245 03 - TITLE STATEMENT | |
| Title | Al-Kindi : |
| Remainder of title | the philosopher of the Arabs / |
| Statement of responsibility, etc. | by George N. Atiyeh. |
| 260 ## - PUBLICATION, DISTRIBUTION, ETC. (IMPRINT) | |
| Place of publication, distribution, etc. | Rawalpindi : |
| Name of publisher, distributor, etc. | Islamic Research Institute, |
| Date of publication, distribution, etc. | 1966. |
| 300 ## - PHYSICAL DESCRIPTION | |
| Pagination | xvi, 272 p. ; |
| Size | 22 cm. |
| 490 1# - SERIES STATEMENT | |
| Series statement | Publications of the Islamic Research Institute (Pakistan) Publication no. 6 |
| 500 ## - GENERAL NOTE | |
| General note | Appendices (p. [148]-257):--1. The works of al-Kindī. [Notes in English; titles in English and Arabic]--2. On the intellect.--3. Sayings of al-Kindī: Arabic text. English translation, by A. S. Bazmee Ansari. |
| 504 ## - BIBLIOGRAPHY, ETC. NOTE | |
| Bibliography, etc | Bibliography: p. [258]-268 and index. |
| 600 00 - SUBJECT ADDED ENTRY--PERSONAL NAME | |
| Personal name | Kindī, |
| Dates associated with a name | -approximately 873. |
| 830 #0 - SERIES ADDED ENTRY--UNIFORM TITLE | |
| Volume number/sequential designation | no. 6. |
| Uniform title | Publication (Islamic Research Institute (Pakistan)) ; |
| 942 ## - ADDED ENTRY ELEMENTS (KOHA) | |
| Source of classification or shelving scheme | Dewey Decimal Classification |
| Koha item type | Books |
| Lost status | Source of classification or shelving scheme | Damaged status | Not for loan | Collection code | Permanent Location | Current Location | Shelving location | Date acquired | Source of acquisition | Cost, normal purchase price | Total Checkouts | Full call number | Date last seen | Copy number | Koha item type |
|---|---|---|---|---|---|---|---|---|---|---|---|---|---|---|---|
| Dewey Decimal Classification | Not For Loan | Fiction | Central Library, University of Rajshahi | Central Library, University of Rajshahi | Reading Room | 24/06/1969 | Book centre | 12.50 | 181.947 ATA 1966 | 13/04/2014 | C-1 | Books |